NBA Players with the Highest Hall of Fame Probability - Statistics

General Stats
  • This quiz has been taken 198 times
  • The average score is 14 of 23
Answer Stats
Probability (%) Player % Correct
100 LeBron James
98%
99.99 Stephen Curry
97%
100 Kevin Durant
96%
87.16 Giannis Antetokounmpo
90%
99.99 James Harden
85%
100 Chris Paul
79%
99.93 Russell Westbrook
79%
70.21 Klay Thompson
71%
77.69 Kawhi Leonard
69%
76.82 Draymond Green
66%
83.66 Kyrie Irving
63%
98.51 Anthony Davis
62%
84.06 Paul George
60%
90.63 Damian Lillard
59%
71.05 Jimmy Butler
48%
98.42 Carmelo Anthony
45%
99.73 Dwight Howard
45%
73.47 Kevin Love
41%
85.74 Kyle Lowry
40%
54.81 Blake Griffin
34%
60.56 Rajon Rondo
17%
50.89 LaMarcus Aldridge
15%
50.56 Joe Johnson
8%
No matching quizzes found
Score Distribution
Percent of People with Each Score
Percentile by Number Answered
Your Score History
You have not taken this quiz